| 000 | 00704nam a2200301Ia 4500 | ||
|---|---|---|---|
| 005 | 20260401122126.0 | ||
| 008 | 008 250103s9999 xx 000 0 eng d | ||
| 020 | _a8121500443 | ||
| 037 | _aTB | ||
| 040 | _aEDL | ||
| 040 | _beng | ||
| 040 | _cEDL | ||
| 041 | _2eng | ||
| 041 | _aeng | ||
| 084 | _a894.811 DEH | ||
| 084 | _qEDL | ||
| 100 |
_aDehejia, Vidya _91232662 |
||
| 245 | 0 | _aSlaves of the Lord: Path of the Tamil Saints | |
| 245 | 0 | _cDehejia, Vidya | |
| 260 | _aNew Delhi | ||
| 260 | _bMunishiram Manoharlal Publishers Pvt. Ltd. | ||
| 260 | _c2002 | ||
| 300 | _a206p | ||
| 942 | _cTB | ||
| 942 | _h894.811 DEH | ||
| 999 |
_c1845080 _d1845080 |
||